La iniciación en la lecto-escritura

Guardado en:
Detalles Bibliográficos
Autor principal: Kappelmayer, Martha D. de (Autor)
Otros Autores: Fornasari de Menegazzo, Lilia (autora)
Formato: Libro
Lenguaje:español
Publicado: Buenos Aires Latina 1975
Colección:Colección de autoinstrucción
Materias:
Etiquetas: Agregar Etiqueta
Sin Etiquetas, Sea el primero en etiquetar este registro!

MARC

LEADER 00000nam a2200000 a 4500
001 UCY8509
003 CL-VaPUC
008 950703e19750000AG |||||||||||||||||spa|d
082 0 4 |a 372.4  |b KAP  |2 21 
100 |a Kappelmayer, Martha D. de  |e author  |9 343906 
700 |a Fornasari de Menegazzo, Lilia  |e autora  |9 343924 
245 1 3 |a La iniciación en la lecto-escritura 
300 |a 139 p 
942 |c BK 
945 |d 19950703 00:00:00  |a mfernand 
260 |a Buenos Aires  |b Latina  |c 1975 
650 0 |a Apresto lectoescritura  |9 309297 
650 0 |a Lectura  |9 307634 
650 0 |a Enseñanza de la lectura  |9 308364 
650 0 |a Escritura  |9 264941 
650 0 |a Enseñanza de la escritura  |9 307377 
650 0 |a Educación preescolar  |9 260381 
583 |a last modification  |c 19950703 00:00:00  |k Rodrigo Vera 
490 0 |a Colección de autoinstrucción 
999 |c 235746  |d 235744 
952 |0 0  |1 0  |4 0  |6 372_400000000000000_KAP_1975  |7 0  |8 P  |9 243356  |a BIBEDU  |b BIBEDU  |c BIBEDU_PB  |d 2019-11-18  |i 1528572  |o 372.4 KAP 1975  |p 1528572  |r 2024-01-25  |w 2019-11-18  |y BK  |k EDU 
952 |0 0  |1 0  |4 0  |6 372_400000000000000_KAP_1975  |7 0  |8 P  |9 243357  |a BIBEDU  |b BIBEDU  |c BIBEDU_PB  |d 2019-11-18  |i 1528580  |o 372.4 KAP 1975  |p 1528580  |r 2024-01-25  |w 2019-11-18  |y BK  |k EDU 
952 |0 0  |1 0  |4 0  |6 372_400000000000000_KAP_1975  |7 0  |8 P  |9 243358  |a BIBEDU  |b BIBEDU  |c BIBEDU_PB  |d 2019-11-18  |i 1528599  |o 372.4 KAP 1975  |p 1528599  |r 2024-01-25  |w 2019-11-18  |y BK  |k EDU